Shahoor-e-zindgey:peoples problems and their solutions, complete 2 vol set (Record no. 571126)
[ view plain ]
| 000 -LEADER | |
|---|---|
| fixed length control field | 00444nam a22001577a 4500 |
| 003 - CONTROL NUMBER IDENTIFIER | |
| control field | CEME |
| 005 - DATE AND TIME OF LATEST TRANSACTION | |
| control field | 20210628202824.0 |
| 008 - FIXED-LENGTH DATA ELEMENTS--GENERAL INFORMATION | |
| fixed length control field | 210204b xxu||||| |||| 00| 0 eng d |
| 040 ## - CATALOGING SOURCE | |
| Transcribing agency | . |
| 082 ## - DEWEY DECIMAL CLASSIFICATION NUMBER | |
| Classification number | 297 SEY |
| 100 ## - MAIN ENTRY--PERSONAL NAME | |
| Personal name | Faiez H.Seyal Seyal, Faiez.H |
| 9 (RLIN) | 61799 |
| 245 ## - TITLE STATEMENT | |
| Title | Shahoor-e-zindgey:peoples problems and their solutions, complete 2 vol set |
| 260 ## - PUBLICATION, DISTRIBUTION, ETC. | |
| Name of publisher, distributor, etc. | ISLAMIC PUBLICATIONS |
| 650 ## - SUBJECT ADDED ENTRY--TOPICAL TERM | |
| Topical term or geographic name entry element | SHAHOOR-E-ZINDGEY. |
| 9 (RLIN) | 61800 |
| 942 ## - ADDED ENTRY ELEMENTS (KOHA) | |
| Koha item type | Book |
| Source of classification or shelving scheme | |
| Withdrawn status | Lost status | Damaged status | Not for loan | Permanent Location | Current Location | Shelving location | Date acquired | Total Checkouts | Full call number | Barcode | Date last seen | Price effective from | Koha item type |
|---|---|---|---|---|---|---|---|---|---|---|---|---|---|
| College of Electrical & Mechanical Engineering (CEME) | College of Electrical & Mechanical Engineering (CEME) | General Stacks | 07/21/2017 | 297 SEY | CEME-37732 | 06/28/2021 | 06/28/2021 | Book |
